000 01365nam a2200349Ia 4500
001 ebr10675802
003 CaPaEBR
006 m u
007 cr cn|||||||||
008 071214s2009 caua sb s001 0 eng d
010 _z 2007050923
020 _z9780520253612 (cloth : alk. paper)
020 _z9780520253629 (pbk. : alk. paper)
020 _z9780520942677
040 _aCaPaEBR
_cCaPaEBR
035 _a(OCoLC)808601074
050 1 4 _aGR340
_b.F67 2009eb
082 0 4 _a398/.450952
_222
100 1 _aFoster, Michael Dylan,
_d1965-
245 1 0 _aPandemonium and parade
_h[electronic resource] :
_bJapanese monsters and the culture of yokai /
_cMichael Dylan Foster.
260 _aBerkeley :
_bUniversity of California Press,
_cc2009.
300 _axvii, 291 p. :
_bill.
504 _aIncludes bibliographical references (p. 259-275) and index.
533 _aElectronic reproduction.
_bPalo Alto, Calif. :
_cebrary,
_d2013.
_nAvailable via World Wide Web.
_nAccess may be limited to ebrary affiliated libraries.
650 0 _aAnimals, Mythical
_zJapan.
650 0 _aSupernatural.
650 0 _aSpirits.
651 0 _aJapan
_vFolklore.
655 7 _aElectronic books.
_2local
710 2 _aebrary, Inc.
856 4 0 _uhttp://site.ebrary.com/lib/rucke/Doc?id=10675802
_zAn electronic book accessible through the World Wide Web; click to view
999 _c58311
_d58311